| 000 | 00553nam a22001697a 4500 | ||
|---|---|---|---|
| 003 | OSt | ||
| 005 | 20260317110350.0 | ||
| 008 | 260317b |||||||| |||| 00| 0 eng d | ||
| 040 | _cMRSPTU | ||
| 041 | _aEnglish | ||
| 100 | _aKapil Sharma, Supervisor: Dr. Bhupinder Pal Singh | ||
| 245 | _aElements of Cost Overruns, Delays and Risk Involved in Construction Management | ||
| 260 |
_bDepartment of Architecture, MRSPTU, Bathinda _c2023 |
||
| 650 | _aArchitecture | ||
| 856 | _uhttp://163.47.215.52:8080/jspui/handle/123456789/863 | ||
| 942 |
_2ddc _cTH _n0 |
||
| 999 |
_c11164 _d11164 |
||